US States that Used to Part of France - Statistics

General Stats
  • This quiz has been taken 35 times
    8 since last reset
  • The average score is 16 of 28
Answer Stats
State % Correct
Maine
86%
New York
86%
Ohio
86%
Alabama
71%
Illinois
71%
Louisiana
71%
North Dakota
71%
Pennsylvania
71%
South Dakota
71%
Vermont
71%
Arkansas
57%
Colorado
57%
Indiana
57%
Iowa
57%
Michigan
57%
Minnesota
57%
Montana
57%
Texas
57%
Wisconsin
57%
Wyoming
57%
Kansas
43%
Kentucky
43%
Mississippi
43%
Nebraska
43%
Tennessee
43%
Missouri
29%
Oklahoma
29%
West Virginia
29%
No matching quizzes found
Score Distribution
Percent of People with Each Score
Percentile by Number Answered
Your Score History
You have not taken this quiz since the last reset